| 000 | 00767nam a2200205 a 4500 | ||
|---|---|---|---|
| 003 | 0 | ||
| 005 | 20250306084132.0 | ||
| 008 | 090707s19uu xx 00 eng d | ||
| 050 |
_aPGS SB 357.2.R5 _b.N968 2009 |
||
| 100 | _aNuke, Jed Nathaniel. | ||
| 245 |
_aEffect of Lato (Caulerpa racemosa) on the ripening of fruits / _cJed Nathaniel Nuke. |
||
| 260 |
_aLas PiƱas City, Philippines : _bSouthville International School and Colleges, _c2009. |
||
| 300 |
_a17 pages : _billustrations ; _c28 cm. |
||
| 504 | _aIncludes bibliographical references. | ||
| 650 |
_aFruit _vRipening. |
||
| 650 |
_aSeaweeds _vAgricultural applications. |
||
| 650 |
_aAlgae _vEffect on fruit ripening. |
||
| 650 |
_aPlant growth regulators _vNatural sources. |
||
| 942 |
_2lcc _cPASS |
||
| 999 |
_c98195 _d98195 |
||